000 00778nam a2200205 a 4500
001 BRCA_1313
005 20190320203354.0
008 791113s1975 mx-a---##b---f000-0#spa-#
040 _aDLC
_cDLC
_dDLC
050 4 _aNA5257.M4
_b.V37 1975
100 1 _aVargas Lugo de Bosch, Elisa
_9656
245 1 0 _aClaustro franciscano de Tlatelolco
_cElisa Vargas Lugo.
260 _aMéxico
_bSecretaría de Relaciones Exteriores
_c1975
300 _a68 p.
_bil.
_c23 cm.
440 0 _aColección del Archivo Histórico Diplomático Mexicano
_nSerie obras especiales 3
_p3a. época
_94296
504 _aBibliografia: p. 67-68
610 2 4 _aColegio de San Buenaventura y San Juan Capistrano
_zMéxico
_94297
740 0 _aColección del Archivo Histórico Diplomático Mexicano
942 _2lcc
_cB
999 _c1177
_d1177